| 000 | 00776nam a2200253 i 4500 | ||
|---|---|---|---|
| 001 | 9211 | ||
| 003 | ES-MaACL | ||
| 005 | 20250817141307.0 | ||
| 007 | t| | ||
| 008 | 930525s1993 sp ||||1| spa d | ||
| 020 | _a84-85876-68-7 | ||
| 080 | _a616-007 | ||
| 100 | 1 |
_aParé, Ambroise. _989025 |
|
| 245 | 1 | 0 |
_aMonstruos y prodigios / _cAmbroise Paré ; introducción, traducción y notas: Ignacio Malaxecheverría. |
| 250 | _a[2 ed.]. | ||
| 260 |
_aMadrid : _bSiruela, _c1993. |
||
| 300 |
_a152 p. : _bil. ; _c24 cm. |
||
| 490 | 1 |
_aLa biblioteca sumergida ; _v3 |
|
| 650 | 1 | 4 |
_aMonstruos. _915174 |
| 700 | 1 |
_aMalaxecheverría, Ignacio _975702 |
|
| 830 | 0 |
_aLa biblioteca sumergida ; _v3 _9178504 |
|
| 852 |
_aES-MaACL _jL-16687 _bR.121456 |
||
| 999 |
_c9211 _d9211 |
||